What's it worth, Guv? (Record no. 63897)

MARC details
000 -LEADER
fixed length control field 00787cam a2200229 4500
001 - CONTROL NUMBER
control field ABS62407
008 - FIXED-LENGTH DATA ELEMENTS--GENERAL INFORMATION
fixed length control field 000000n2000 000 0 eng u
035 ## - SYSTEM CONTROL NUMBER
System control number (Sirsi) u106764
100 ## - MAIN ENTRY--PERSONAL NAME
Personal name Tolson, S.
245 ## - TITLE STATEMENT
Title What's it worth, Guv?
260 ## - PUBLICATION, DISTRIBUTION, ETC.
Date of publication, distribution, etc. 2000
490 ## - SERIES STATEMENT
Series statement Building
Volume/sequential designation 265(8140) 9 June 2000, 55(1)
520 ## - SUMMARY, ETC.
Summary, etc. Considers the issue of quantum meruit. Focuses on the findings in "Serck Controls Ltd v Drake and Scull Engineering", which supports the proposition of cost plus profit.
590 ## - LOCAL NOTE (RLIN)
Local note ABS
650 ## - SUBJECT ADDED ENTRY--TOPICAL TERM
Topical term or geographic name entry element QUANTUM MERUIT
650 ## - SUBJECT ADDED ENTRY--TOPICAL TERM
Topical term or geographic name entry element SERCK CONTROLS LTD V DRAKE & SCULL ENGINEERING
650 ## - SUBJECT ADDED ENTRY--TOPICAL TERM
Topical term or geographic name entry element LETTER OF INTENT
650 ## - SUBJECT ADDED ENTRY--TOPICAL TERM
Topical term or geographic name entry element FRUSTRATED CONTRACTS
650 ## - SUBJECT ADDED ENTRY--TOPICAL TERM
Topical term or geographic name entry element CONTRACT NEGOTIATIONS
690 ## - LOCAL SUBJECT ADDED ENTRY--TOPICAL TERM (OCLC, RLIN)
Topical term or geographic name as entry element BUILT ENVIRONMENT-BUILDING CONTRACT FORMS
942 ## - ADDED ENTRY ELEMENTS (KOHA)
Suppress in OPAC 0
Holdings
Withdrawn status Lost status Source of classification or shelving scheme Damaged status Not for loan Home library Current library Shelving location Date acquired Total Checkouts Full call number Barcode Date last seen Copy number Price effective from Koha item type
    Dewey Decimal Classification     London London Journal article 27/06/2000   ABS62407 106764-1001 06/08/2019 1 06/08/2019 Journal article
    Dewey Decimal Classification     London London Journal article 27/06/2000   ABS62407 106764-1002 06/08/2019 2 06/08/2019 Journal article